000 00832cam a2200265 i 4500
001 882782
003 ARRUPE
005 20131203181358.0
008 800926s1981 mau b 001 0 eng
010 _a 80024505
020 _a0205073174
040 _aDLC
_cDLC
_dDLC
050 0 0 _aHM24
_b.R495
082 0 0 _a301
_219
100 1 _aRitzer, George.
_94947
245 1 0 _aToward an integrated sociological paradigm :
_bthe search for an exemplar and an image of the subject matter /
_cGeorge Ritzer.
260 _aBoston :
_bAllyn and Bacon,
_cc1981.
300 _aviii, 255 p. ;
_c25 cm.
500 _aIncludes index.
504 _aBibliography: p. [239]-248.
650 0 _aSociology.
_94948
650 0 _aParadigms (Social sciences)
_94949
906 _a7
_bcbc
_corignew
_d1
_eocip
_f19
_gy-gencatlg
942 _2lcc
_cMONOGRAPH
999 _c119027
_d119027